000 00341 a2200157 4500
001 169916
020 _a
040 _cMagnum
100 _aEdwards, Veronica
240 1 0 _aOs sujeitos no universo da escola
_lpor
245 1 0 _aOs sujeitos no universo da escola
362 0 _a1899
440 1 _aÁtica
697 _aGERAL
942 _cBK
999 _c169916
_d169916